000 00197nam a2200085Ia 4500
008 120527s9999 xx 000 0 und d
100 _aMeyer, V.F
245 _aInternational trade policy
942 _cBK
999 _c27234
_d27234